000 00398nam a22001697a 4500
005 20160624124142.0
008 160624b xxu||||| |||| 00| 0 eng d
020 _a978-0-07-058194-4
041 _aeng
082 _b9586
100 _aBeleh, George E and others
_92667
245 _aAdvertising and Promotion
260 _bTMH
_c2003
300 _a779
650 _aManagement
_9241
942 _cBK
999 _c3840
_d3839